Normal view
MARC view
- by, Pir Salahud Din
Entry Personal Name
001 - CONTROL NUMBER
- control field: 105664
003 - CONTROL NUMBER IDENTIFIER
- control field: NUST
005 - DATE AND TIME OF LATEST TRANSACTION
- control field: 20221222124019.0
008 - FIXED-LENGTH DATA ELEMENTS
- fixed length control field: 221222|| aca||aabn | a|a d
040 ## - CATALOGING SOURCE
- Original cataloging agency: NUST
- Transcribing agency: NUST
100 ## - HEADING--PERSONAL NAME
- Personal name: by, Pir Salahud Din
670 ## - SOURCE DATA FOUND
- Source citation: Work cat.: (NUST)185054: by, Pir Salahud Din, The wonderful Quran /, 1991.
